Tramwaje Warszawa- Linia 15 (przystanki) - Statystyki

Ogólne statystyki
  • Ten quiz został rozwiązany 114 razy
  • Średni wynik to 26 z 35
Statystyki odpowiedzi
Numer przystanku Nazwa przystanku % Poprawnych
22. Plac Narutowicza
93%
13. Centrum
92%
17. Metro Politechnika
90%
35 P+R Aleja Krakowska
89%
20. NIK
88%
18. Plac Politechniki
88%
15. Plac Konstytucji
85%
16. Plac Zbawiciela
85%
31. Hynka
84%
1. Marymont-Potok
84%
24. Och-Teatr
84%
25. Bitwy Warszawskiej 1920r.
82%
27. Dickensa
81%
14. Hoża
81%
19. Nowowiejska
81%
21. Raszyńska
81%
12. Metro Świętokrzyska
79%
23. Wawelska
79%
26. Hale Banacha
73%
10. Plac Bankowy
73%
30. Włochy-ratusz
73%
6. Dworzec Gdański
71%
29. PKP Rakowiec
71%
3. Plac Wilsona
71%
34. Instytut Lotnictwa
70%
11. Królewska
70%
28. Korotyńskiego
67%
9. Metro Ratusz-Arsenał
67%
33. Lipowczana
63%
8. Muranów
63%
32. Krakowiaków
62%
4. Plac Inwalidów
56%
7. Muranowska
55%
2. Bohomolca
44%
5. Generała Zajączka
44%
Nie znaleziono quizów pasujących do podanych kryteriów
Rozkład punktacji
Procent ludzi z każdym wynikiem
Percentyl według liczby udzielonych odpowiedzi
Twoja historia wyników
Nie rozwiązałeś tego quizu